Mario Echandi: abogado de asesinos

Uloženo v:
Podrobná bibliografie
Korporativní autor: Cuba. Gobierno
Médium: Text
Vydáno: La Habana: Editorial En Marcha
Tagy: Přidat tag
Žádné tagy, Buďte první, kdo vytvoří štítek k tomuto záznamu!

MARC

LEADER 00000 a a2200000 04500
001 14263
003
040
090 |a 017900  
110 |a Cuba. Gobierno  
245 |a Mario Echandi: abogado de asesinos  
260 |a La Habana:   |b Editorial En Marcha  
300 |a 46 p.  
999 |c 13155  |d 13155